Improved bug localization based on code change histories and bug reports (Record no. 340860)
[ view plain ]
| 000 -LEADER | |
|---|---|
| fixed length control field | 00602nam a2200181Ia 4500 |
| 008 - FIXED-LENGTH DATA ELEMENTS--GENERAL INFORMATION | |
| fixed length control field | 170725s9999 xx 000 0 und d |
| 100 ## - MAIN ENTRY--PERSONAL NAME | |
| Personal name | Klaus Changsun Youm |
| 245 ## - TITLE STATEMENT | |
| Title | Improved bug localization based on code change histories and bug reports |
| 245 ## - TITLE STATEMENT | |
| Statement of responsibility, etc | Klaus Changsun Youm, June Ahn, Eunseok Lee |
| 260 ## - PUBLICATION, DISTRIBUTION, ETC. (IMPRINT) | |
| Date of publication, distribution, etc | 2017 |
| 300 ## - PHYSICAL DESCRIPTION | |
| Extent | pages 177-92, February |
| 440 ## - SERIES STATEMENT/ADDED ENTRY--TITLE | |
| Title | Information and software technology |
| Volume number/sequential designation | 82: |
| 500 ## - GENERAL NOTE | |
| General note | CJ0029 |
| 650 ## - SUBJECT ADDED ENTRY--TOPICAL TERM | |
| Topical term or geographic name as entry element | Information retrieval |
| 650 ## - SUBJECT ADDED ENTRY--TOPICAL TERM | |
| Topical term or geographic name as entry element | Bug localization |
| 650 ## - SUBJECT ADDED ENTRY--TOPICAL TERM | |
| Topical term or geographic name as entry element | Bug reports |
| 650 ## - SUBJECT ADDED ENTRY--TOPICAL TERM | |
| Topical term or geographic name as entry element | Stack traces; Code change history; Method analysis |
| Withdrawn status | Lost status | Damaged status | Home library | Current library | Date acquired | Total Checkouts | Date last seen | Price effective from | Koha item type |
|---|---|---|---|---|---|---|---|---|---|
| College Library | College Library | 07/25/2017 | 07/25/2017 | 07/25/2017 | Periodicals |